[Event "Schwarzach op-C 20th"]
[Site "Schwarzach"]
[Date "2005.08.27"]
[Round "8.2"]
[White "Kohlbauer, Josef"]
[Black "Colic, Almir"]
[Result "1-0"]
[WhiteElo "1599"]
[BlackElo "1575"]
[PlyCount "85"]
[EventDate "2005.08.20"]
[EventType "swiss"]
[EventRounds "9"]
[EventCountry "AUT"]
[SourceTitle "EXT 2024"]
[Source "ChessBase"]
[SourceDate "2023.10.10"]
[SourceVersion "1"]
[SourceVersionDate "2023.10.10"]
[SourceQuality "1"]

1. Nf3 d5 2. d4 Nf6 3. c4 e6 4. Nc3 Bb4 5. a3 Bxc3+ 6. bxc3 dxc4 7. Qa4+ Bd7 8. Qxc4 b5 9. Qd3 a6 10. Bg5 h6 11. Bh4 0-0 12. e4 Qc8 13. Bxf6 gxf6 14. e5 f5 15. Qe3 Kh7 16. Bd3 Nc6 17. Qf4 Ne7 18. Qh4 Ng6 19. Qf6 Qd8 20. g3 Qxf6 21. exf6 Rg8 22. h4 Bc6 23. Ke2 Rac8 24. Ng5+ hxg5 25. hxg5+ Bxh1 26. Rxh1+ Nh4 27. f4 Kg6 28. gxh4 Rb8 29. d5 Rge8 30. Kf2 Rbd8 31. h5+ Kh7 32. c4 c6 33. dxe6 fxe6 34. g6+ Kh6 35. Be2 Rd4 36. Ke3 Re4+ 37. Kf3 e5 38. fxe5 R8xe5 39. Re1 bxc4 40. f7 Kg7 41. h6+ Kf8 42. h7 Rh4 43. Rg1 1-0